| 000 | 00993cam a2200277 i 4500 | ||
|---|---|---|---|
| 001 | 2263423 | ||
| 003 | ARRUPE | ||
| 005 | 20220405093358.0 | ||
| 008 | 780328r1978 ctu b 001 0 eng | ||
| 010 | _a 78006321 | ||
| 020 | _a0313204624 | ||
| 040 |
_aDLC _cDLC _dDLC |
||
| 050 | 1 | 0 |
_aB824.6 _b.A9 1978 |
| 082 | 0 | 0 | _a146/.4 |
| 100 | 1 |
_aAyer, A. J. _q(Alfred Jules), _d1910-1989, _eed. _99820 |
|
| 245 | 0 | 0 |
_aLogical positivism / _cedited by A. J. Ayer. |
| 260 |
_aWestport, Conn. : _bThe Free Press, _c1978, c1959. |
||
| 300 |
_aviii, 455 p. ; _c22 cm. |
||
| 500 | _aReprint of the ed. published by Free Press, New York, in series: The Library of philosophical movements. | ||
| 500 | _aIncludes index. | ||
| 504 | _aBibliography: p. 381-446. | ||
| 650 | 0 |
_aLogical positivism. _95718 |
|
| 856 | 4 | 2 |
_3Contributor biographical information _uhttp://www.loc.gov/catdir/enhancements/fy1511/78006321-b.html |
| 906 |
_a7 _bcbc _corignew _d1 _eocip _f19 _gy-gencatlg |
||
| 942 |
_2lcc _cMONOGRAPH |
||
| 999 |
_c131239 _d131239 |
||